Contratación de investigación y desarrollo con la universidad (Registro nro. 33320)
[ vista simple ]
| 000 -LEADER | |
|---|---|
| fixed length control field | 00434 a2200109 4500 |
| 001 - CONTROL NUMBER | |
| control field | ART_41634 |
| 005 - DATE AND TIME OF LATEST TRANSACTION | |
| control field | 20260410162023.0 |
| 008 - FIXED-LENGTH DATA ELEMENTS--GENERAL INFORMATION | |
| fixed length control field | 260409a |
| 100 1# - MAIN ENTRY--PERSONAL NAME | |
| Personal name | Correa, Carlos María |
| 245 10 - TITLE STATEMENT | |
| Title | Contratación de investigación y desarrollo con la universidad |
| 773 0# - HOST ITEM ENTRY | |
| Title | Revista del derecho industrial |
| Related parts | Contratos de investigación : Vinculación Universidad-Empresa - Año XIV, Nº 40 (ene./abr. 1992) |
| Record control number | REV41547 |
No hay ítems disponibles.